<?xml version="1.0" encoding="UTF-8"?><?xml-stylesheet type="text/xsl" href="static/style.xsl"?><OAI-PMH xmlns="http://www.openarchives.org/OAI/2.0/" xmlns:xsi="http://www.w3.org/2001/XMLSchema-instance" xsi:schemaLocation="http://www.openarchives.org/OAI/2.0/ http://www.openarchives.org/OAI/2.0/OAI-PMH.xsd"><responseDate>2026-04-17T04:00:50Z</responseDate><request verb="GetRecord" identifier="oai:www.recercat.cat:2117/113259" metadataPrefix="marc">https://recercat.cat/oai/request</request><GetRecord><record><header><identifier>oai:recercat.cat:2117/113259</identifier><datestamp>2025-07-22T23:30:49Z</datestamp><setSpec>com_2072_1033</setSpec><setSpec>col_2072_452951</setSpec></header><metadata><record xmlns="http://www.loc.gov/MARC21/slim" xmlns:dcterms="http://purl.org/dc/terms/" xmlns:xsi="http://www.w3.org/2001/XMLSchema-instance" xmlns:doc="http://www.lyncode.com/xoai" xsi:schemaLocation="http://www.loc.gov/MARC21/slim http://www.loc.gov/standards/marcxml/schema/MARC21slim.xsd">
   <leader>00925njm 22002777a 4500</leader>
   <datafield ind2=" " ind1=" " tag="042">
      <subfield code="a">dc</subfield>
   </datafield>
   <datafield ind2=" " ind1=" " tag="720">
      <subfield code="a">Rojas Domènech, Neus</subfield>
      <subfield code="e">author</subfield>
   </datafield>
   <datafield ind2=" " ind1=" " tag="260">
      <subfield code="c">2017-05-21</subfield>
   </datafield>
   <datafield ind2=" " ind1=" " tag="520">
      <subfield code="a">Considerant el risc que podria suposar a les costes del mar balear un vessament d’hidrocarbur&#xd;
originat a la Plataforma Casablanca, en el present treball es busca estudiar quines serien les&#xd;
conseqüències d’un vessament d’aquest caire. D’aquesta manera, amb l’ajuda del Model&#xd;
GNOME, es busca avaluar quines són les zones de la costa que presenten més opcions de ser&#xd;
afectades així com la quantitat d’hidrocarbur amb la que haurien de treballar en cas&#xd;
d’afectació. Per altra banda, també es busca analitzar el temps que restaria entre l’origen del&#xd;
vessament i l’arribada d’aquest a la costa.&#xd;
Amb això, es busca determinar quines són les zones de la costa que presenten un major risc&#xd;
d’afectació davant d’un succés d’aquest estil per tal de poder conèixer en quins punts s’hauria&#xd;
de realitzar una actuació amb més urgència, per tal de poder protegir-les de manera adequada&#xd;
i evitar problemes majors.&#xd;
Per a fer aquest anàlisi, s’han usat dades de models numèrics contrastats per obtenir els&#xd;
forçaments hidrodinàmics i atmosfèrics. L’aproximació utilitzada s’ha basat en un anàlisi&#xd;
probabilístic a partir d’un conjunt de simulacions, cosa que ha permès establir patrons&#xd;
estacionals.</subfield>
   </datafield>
   <datafield ind2=" " ind1=" " tag="520">
      <subfield code="a">Considering the risk that could lead to the shores of the Balearic Sea caused by a spill in&#xd;
Casablanca platform, it is considered to study which would be the consequences of a spill of&#xd;
this nature. Thus, with the help of Model GNOME, it is pretended to assess which areas of the&#xd;
coast would have more options, taking into account the amount of oil that should work in the&#xd;
event of impact. On the other hand, it is needed to analyze the time remaining between the&#xd;
source of the spill and the arrival on the coast.&#xd;
With this, we seek to determine which areas of the coast have a greater risk in front of an&#xd;
event of this kind in order to know at which points should make action more urgently in order&#xd;
to protect it properly and avoid greater problems.&#xd;
To do this analysis, it has been used data from numerical models which provides hydrodynamic&#xd;
and atmospheric forcing. The approach used is based on a probabilistic analysis, taking into&#xd;
account a set of simulations, which have allowed to establish seasonal patterns.</subfield>
   </datafield>
   <datafield tag="653" ind2=" " ind1=" ">
      <subfield code="a">Àrees temàtiques de la UPC::Enginyeria civil::Enginyeria hidràulica, marítima i sanitària</subfield>
   </datafield>
   <datafield tag="653" ind2=" " ind1=" ">
      <subfield code="a">Marine pollution</subfield>
   </datafield>
   <datafield tag="653" ind2=" " ind1=" ">
      <subfield code="a">Offshore structures</subfield>
   </datafield>
   <datafield tag="653" ind2=" " ind1=" ">
      <subfield code="a">Mar -- Contaminació per hidrocarburs -- Mesures de seguretat</subfield>
   </datafield>
   <datafield tag="653" ind2=" " ind1=" ">
      <subfield code="a">Estructures marines</subfield>
   </datafield>
   <datafield ind2="0" ind1="0" tag="245">
      <subfield code="a">Plan de contingencias para el Golfo de Sant Jordi por vertidos de hidrocarburos desde la plataforma petrolífera Casablanca</subfield>
   </datafield>
</record></metadata></record></GetRecord></OAI-PMH>